| 000 | 00425nam a22001577a 4500 | ||
|---|---|---|---|
| 005 | 20170511152346.0 | ||
| 008 | 170511b xxu||||| |||| 00| 0 eng d | ||
| 020 | _a1565642112 | ||
| 040 | _cPK-LaUMT | ||
| 082 |
_aZIAC 016.370917671 _bMOH-A |
||
| 100 | _aMohiuddin Attiya | ||
| 245 |
_aAl fikar al tarbwi/ _cMohiuddin Attiya |
||
| 260 |
_aبیروت: _bالمعھد العالمی، _c1994 |
||
| 300 | _a159 ص | ||
| 942 | _cBK | ||
| 999 |
_c93426 _d93426 |
||